=LDR 00000nam 2200000 4500 =001 NUTBA000000000001277 =005 20140421112403.0 =006 =007 =008 =020 ##$$a 978-979-17968-3-5 =035 ##$$a 0010-041400000000547 =040 ##$$b Ind =090 ##$$a 646.72 $bMar $cc =100 ##$$a Martini, Erni =245 ##$$a Cantik dengan Natural Treatmint =260 ##$$a Yogyakarta $bPegasus $c2009 =300 ##$$a 226 hlm $bIllus $c25 cm =650 ##$$a Kecantikan =850 ##$$a NBPDMAT =990 ##$$a 21002474